000 00668cam a2200229 a 4500
001 000005276
005 20200929151629.0
008 890824s2001 sp 000 1 spa
020 _a8466301720
040 _aDO-SdBNP
_bspa
_cBNPHU
082 _a813.54
_bE47L
100 1 _aEllroy, James,
_d1948-
_915034
245 1 0 _aL.A. confidential /
_cJames Ellroy.
260 _a[Madrid] :
_bSuma de Letras,
_c2001.
300 _a611 p. ;
_c23 cm.
490 1 _aPunto de lectura
_v114/2
650 4 _aNovela estadounidense
_9262
651 4 _aLiteratura Estadounidense
_911883
830 0 _aPunto de lectura ;
_v114/2
_93047
910 _aCatalogación derivada
910 _aWM
999 _c5077
_d5077